Trouvez le pays - Statistiques

Statistiques générales
  • Ce quiz a été pris 249 fois
  • Le résultat moyen est 12 sur 15
Statistiques - réponses
Description Pays % Correct
Petit pays entre deux autres pays dans les Pyrénées Andorre
94%
Le Sinaï est une region appartenant à ce pays Egypte
94%
Le Machu Picchu s'y trouve Perou
94%
Le plus grand pays d'Afrique Algérie
92%
Castro et Che Guevara y ont mené une révolution Cuba
90%
Le christ rédempteur s'y trouve Bresil
89%
Pays de 17 millions de km carré Russie
88%
Il possède 16 länder Allemagne
82%
Est le deuxième plus petit pays au monde Monaco
77%
La cite de Petra s'y trouve Jordanie
76%
Lagos et Abuja se trouvent dans ce pays Nigeria
73%
Perth et Darwin se trouvent dans ce pays Australie
71%
Le nil bleu et le nil blanc se rejoignent dans sa capitale Soudan
64%
Le temple de l'amour s'y trouve Inde
52%
Magellan est mort dans ce pays Philippines
33%
Aucun quiz correspondant
Distribution des résultats
% des personnes avec chaque résultat
Percentile par nombre de réponses
Votre historique - résultats
Vous n’avez pas pris ce quiz